[Event "11th BCC Thailand Open"]
[Site "Pattaya THA"]
[Date "2011.04.12"]
[Round "2.18"]
[White "Prince, Bajaj"]
[Black "West, Guy"]
[Result "1/2-1/2"]
[WhiteTitle "CM"]
[BlackTitle "IM"]
[WhiteElo "2194"]
[BlackElo "2360"]
[WhiteFideId "5045150"]
[BlackFideId "3200086"]
[EventDate "2011.04.11"]

1. e4 d6 2. d4 Nf6 3. Nc3 g6 4. Be2 Bg7 5. Nf3 O-O 6. O-O Bg4 7. Be3 Nc6 8. Qd2
e5 9. dxe5 dxe5 10. Rad1 Qc8 11. h3 Be6 12. Bg5 Nd7 13. Nd5 f6 14. Bc4 Nb6 15.
Bb3 Rf7 16. Be3 Ne7 17. Nxb6 axb6 18. a3 Bf8 19. Bxe6 Qxe6 20. Qd7 Qxd7 21. Rxd7
Nc6 22. Rxf7 Kxf7 23. Rd1 Ke6 24. Kf1 Nd8 25. Ke2 Nf7 26. g4 Bc5 27. Nd2 Nd6 28.
f3 Bxe3 29. Kxe3 Rh8 30. Rg1 h5 31. gxh5 g5 32. Kf2 Rxh5 33. Kg3 Nf7 34. Nc4 Nh8
35. Ne3 Ng6 36. Nd5 Rh7 37. Rh1 b5 38. c3 Rd7 39. Ra1 Nf4 40. Ne3 Rh7 41. Rh1 c5
42. Rh2 c4 43. Nf1 Rd7 44. Rd2 Rd3 45. Kg4 b6 46. Kg3 Rxd2 47. Nxd2 Nd3 48. b3
cxb3 49. Nxb3 Nb2 50. Nd2 Kd6 51. h4 gxh4+ 52. Kxh4 Ke6 53. Kg4 Nd1 54. Nb1 Ne3+
55. Kg3 Nc4 56. Kg4 Kf7 57. f4 exf4 58. Kxf4 Ke6 59. Kg4 Ke5 60. Kf3 Kd6 61. Kf4
Ke6 62. Kg4 Ke5 63. Kf3 f5 64. exf5 Kxf5 65. Ke2 Ke4 66. Nd2+ Kd5 67. Nb1 Ne5
68. Nd2 Nc4 69. Nb1 Kc5 70. Kd3 Nxa3 71. Nxa3 b4 72. cxb4+ Kxb4 73. Nc4 1/2-1/2

[Event "11th BCC Thailand Open"]
[Site "Pattaya THA"]
[Date "2011.04.12"]
[Round "2.19"]
[White "Illner, Achim, Dr."]
[Black "Ruston, Mark R"]
[Result "1-0"]
[WhiteTitle "FM"]
[WhiteElo "2353"]
[BlackElo "2110"]
[WhiteFideId "4615840"]
[BlackFideId "410020"]
[EventDate "2011.04.11"]

1. e4 e6 2. d4 d5 3. Nd2 Nf6 4. e5 Nfd7 5. Bd3 c5 6. c3 Nc6 7. Ne2 cxd4 8. cxd4
f6 9. Nf4 Nxd4 10. Qh5+ Ke7 11. exf6+ Nxf6 12. Ng6+ hxg6 13. Qxh8 Kf7 14. Qh4 e5
15. Nf3 Nxf3+ 16. gxf3 Be6 17. O-O Be7 18. Bg5 Qh8 19. Rfe1 Bd6 20. Bc2 Qh5 21.
Qxh5 gxh5 22. Bh4 Nd7 23. Rad1 g5 24. Bxg5 Rg8 25. h4 Be7 26. f4 exf4 27. Bf5
Nf8 28. Bxe6+ Nxe6 29. Rxd5 Bxg5 30. hxg5 Nxg5 31. Kh1 f3 32. Rg1 Nh3 33. Rxg8
Kxg8 34. Rxh5 Nxf2+ 35. Kg1 Nd3 36. b3 1-0

[Event "11th BCC Thailand Open"]
[Site "Pattaya THA"]
[Date "2011.04.12"]
[Round "2.20"]
[White "Savolainen, Lev P."]
[Black "Lahiri, Atanu"]
[Result "0-1"]
[WhiteTitle "FM"]
[BlackTitle "IM"]
[WhiteElo "2176"]
[BlackElo "2350"]
[WhiteFideId "4135792"]
[BlackFideId "5002818"]
[EventDate "2011.04.11"]

1. d4 d5 2. c4 c6 3. Nf3 Nf6 4. Nc3 dxc4 5. e3 b5 6. a4 b4 7. Nb1 e6 8. Bxc4 c5
9. O-O Bb7 10. Nbd2 Nbd7 11. Qe2 Be7 12. b3 O-O 13. Bb2 Nd5 14. Ne4 Qa5 15. Rac1
Rac8 16. Rfd1 Rfd8 17. dxc5 Nxc5 18. Nxc5 Bxc5 19. Nd4 Nc3 20. Bxc3 bxc3 21. Nb5
Bb4 22. Rxd8+ Rxd8 23. Rd1 Rd2 24. Rxd2 cxd2 25. Nd4 Qg5 26. f3 Qh4 27. g3 Qh5
28. Kg2 e5 0-1

[Event "11th BCC Thailand Open"]
[Site "Pattaya THA"]
[Date "2011.04.12"]
[Round "2.21"]
[White "Illingworth, Max"]
[Black "Thebault, Bernard"]
[Result "1-0"]
[WhiteTitle "FM"]
[WhiteElo "2345"]
[BlackElo "2108"]
[WhiteFideId "3205207"]
[BlackFideId "601756"]
[EventDate "2011.04.11"]

1. d4 d5 2. c4 c6 3. Nf3 Nf6 4. Nc3 e6 5. e3 a6 6. b3 Bb4 7. Bd2 O-O 8. Bd3 Nbd7
9. O-O Re8 10. Nxd5 Nxd5 11. cxd5 Bd6 12. dxc6 bxc6 13. Qc2 Bb7 14. Bxh7+ Kh8
15. Be4 f5 16. Bd3 c5 17. Qd1 Qf6 18. Re1 Qg6 19. Bf1 e5 20. dxe5 Nxe5 21. Nxe5
Bxe5 22. Rc1 Rad8 23. f4 Bb8 24. Rxc5 Ba7 25. Rc3 Re6 26. Qe2 Red6 27. Bc1 Be4
28. Qf2 Qh6 29. Be2 Bb6 30. a3 a5 31. Bf3 Bd3 32. g3 Qe6 33. Rd1 Be4 34. Rxd6
Rxd6 35. Qe2 g6 36. Bxe4 Qxe4 37. Rc4 Qb1 38. Qb2+ Qxb2 39. Bxb2+ Kg8 40. Bd4
Bd8 41. Kf2 Kf7 42. Kf3 1-0

[Event "11th BCC Thailand Open"]
[Site "Pattaya THA"]
[Date "2011.04.12"]
[Round "2.22"]
[White "Kojima, Shinya"]
[Black "Takahashi, Reiji"]
[Result "1-0"]
[WhiteTitle "FM"]
[WhiteElo "2329"]
[BlackElo "2099"]
[WhiteFideId "7000812"]
[BlackFideId "7000880"]
[EventDate "2011.04.11"]

1. e4 c6 2. d4 d5 3. exd5 cxd5 4. c4 Nf6 5. Nc3 Nc6 6. Nf3 Bg4 7. cxd5 Nxd5 8.
Qb3 Bxf3 9. gxf3 e6 10. Qxb7 Nxd4 11. Bb5+ Nxb5 12. Qc6+ Ke7 13. Qxb5 Qd7 14.
Nxd5+ Qxd5 15. Bg5+ f6 16. Qxd5 exd5 17. Be3 Ke6 18. O-O-O Bb4 19. a3 Rhc8+ 20.
Kb1 Bc5 21. Rhe1 Bxe3 22. Rxe3+ Kd6 23. Rde1 Rc4 24. Re7 Rf4 25. R1e6+ Kc5 26.
Rc7+ Kd4 27. Rc3 Rh4 28. Kc2 Rxh2 29. Rd3+ Kc5 30. Kc3 a5 31. b4+ axb4+ 32.
axb4+ Kb5 33. Kb3 Rh5 34. Rc3 d4 35. Rcc6 1-0

[Event "11th BCC Thailand Open"]
[Site "Pattaya THA"]
[Date "2011.04.12"]
[Round "2.23"]
[White "Eng, Andre Jerome"]
[Black "Sauravh, Khherdekar"]
[Result "1-0"]
[BlackTitle "FM"]
[WhiteElo "2150"]
[BlackElo "2324"]
[WhiteFideId "5801826"]
[BlackFideId "5008646"]
[EventDate "2011.04.11"]

1. e4 g6 2. d4 Bg7 3. Nc3 c5 4. d5 d6 5. Nf3 Bg4 6. Be2 Bxf3 7. Bxf3 Nf6 8. O-O
O-O 9. Bf4 Nfd7 10. Qd2 Na6 11. Bh6 Nc7 12. Be2 Rb8 13. a4 b6 14. Bxg7 Kxg7 15.
Nb5 Nxb5 16. axb5 Rb7 17. Ra3 Nf6 18. Rh3 h5 19. Qe3 Re8 20. Bxh5 Rh8 21. Be2
Rxh3 22. gxh3 Qh8 23. f4 Qh6 24. Qf3 Rb8 25. Qg2 Rg8 26. Kh1 Kh8 27. e5 Nd7 28.
Bg4 f5 29. exf6 Nxf6 30. Be6 Rf8 31. Qg5 Qh7 32. Re1 Nh5 33. Re4 Rf6 34. f5 Kg7
35. Ra4 Qh8 36. Rxa7 Qf8 37. Rc7 Kh7 38. Rc8 Qg7 39. Re8 1-0

[Event "11th BCC Thailand Open"]
[Site "Pattaya THA"]
[Date "2011.04.12"]
[Round "2.25"]
[White "Karma, Pandya"]
[Black "Aung AungaAung Myo Hlaing"]
[Result "0-1"]
[BlackTitle "IM"]
[WhiteElo "2133"]
[BlackElo "2324"]
[WhiteFideId "5030331"]
[BlackFideId "13000101"]
[EventDate "2011.04.11"]

1. e4 e5 2. Nf3 d6 3. d4 Nd7 4. Bc4 c6 5. c3 b5 6. Bb3 Be7 7. O-O Ngf6 8. dxe5
Nxe5 9. Nxe5 dxe5 10. Qe2 O-O 11. a4 b4 12. a5 Nd7 13. Be3 Nc5 14. Bxc5 Bxc5 15.
Nd2 Rb8 16. Ba4 bxc3 17. bxc3 Rb2 18. Rfd1 Qxa5 19. Bxc6 Qxc3 20. Bd5 Be6 21.
Kh1 Bb4 22. Bxe6 fxe6 23. Rxa7 Rxd2 24. Rxd2 Qxd2 25. Qxd2 Bxd2 26. f3 Rb8 27.
g3 Kf8 28. Kg2 Rb2 29. Kh3 Be3 30. Ra3 Bg1 31. Kg4 Bxh2 32. Ra5 Kf7 33. Rxe5 Rg2
34. Kh3 Bxg3 35. Rg5 Rg1 36. f4 Bf2 37. Rb5 Rg3+ 38. Kh2 Rg4 0-1

[Event "11th BCC Thailand Open"]
[Site "Pattaya THA"]
[Date "2011.04.12"]
[Round "2.27"]
[White "Tuorila, Kai"]
[Black "Myo Naing"]
[Result "1/2-1/2"]
[BlackTitle "IM"]
[WhiteElo "2125"]
[BlackElo "2317"]
[WhiteFideId "6200214"]
[BlackFideId "13000071"]
[EventDate "2011.04.11"]

1. d4 Nf6 2. Bg5 d5 3. Bxf6 gxf6 4. e3 c5 5. dxc5 Nc6 6. c4 d4 7. exd4 Qxd4 8.
Qxd4 Nxd4 9. Bd3 e6 10. Ne2 Bxc5 11. Nbc3 Nxe2 12. Kxe2 Bd7 13. Be4 f5 14. Bf3
Rb8 15. Rhd1 Ke7 16. Rac1 Rhc8 17. b3 Be8 18. h3 Ba3 19. Rc2 b5 20. Nb1 Bd6 21.
Nd2 Rc5 22. Kf1 a5 23. g3 Be5 24. Rdc1 Rbc8 25. Be2 b4 26. Nb1 Rb8 27. f4 Bc7
28. Nd2 Bd7 29. Bf3 Rg8 30. Kf2 Bb6 31. Kg2 f6 32. Re1 Bc7 33. Kf2 e5 34. Bd5
Be6 35. Bxe6 Kxe6 36. Nf1 Bb6 37. Kf3 Rc7 38. Rd2 e4+ 39. Kg2 a4 40. Rd5 axb3
41. axb3 Ra7 42. Re2 Ra5 43. Rxa5 Bxa5 44. Ra2 Bc7 45. Ra6+ Kd7 46. Kf2 Bd6 47.
Ke2 h5 48. h4 Kc7 49. Ra5 Kd7 50. Rxf5 Ra8 51. Rxf6 Bc5 52. Rf5 Ra2+ 53. Nd2 Kd6
54. Rd5+ Kc6 55. Rxh5 e3 56. Rxc5+ Kxc5 57. Kxe3 Ra1 58. Ne4+ Kc6 59. g4 Rh1 60.
h5 Rh3+ 61. Kd2 Rxb3 62. h6 Rh3 63. g5 Kd7 64. Nf6+ Ke6 65. h7 b3 66. Kc1 Rh2
67. Kb1 Kf7 68. c5 Kg7 69. c6 Rc2 70. c7 Kh8 71. g6 Rxc7 72. Ne8 Rc6 73. f5 b2
74. Kxb2 Rc2+ 75. Kb3 Rc3+ 76. Kb4 Rc4+ 77. Kb5 Rc5+ 78. Kb4 Rc4+ 79. Kxc4 1/2-1/2

[Event "11th BCC Thailand Open"]
[Site "Pattaya THA"]
[Date "2011.04.12"]
[Round "2.28"]
[White "Kananub, Warot"]
[Black "Teerapabpaisit, Wisuwat"]
[Result "1/2-1/2"]
[BlackTitle "FM"]
[WhiteElo "1989"]
[BlackElo "2310"]
[WhiteFideId "6201601"]
[BlackFideId "6200176"]
[EventDate "2011.04.11"]

1. d4 Nf6 2. Nf3 g6 3. c4 Bg7 4. Nc3 O-O 5. e4 d6 6. Be2 Nbd7 7. O-O e5 8. d5
Nc5 9. Nd2 a5 10. Rb1 Bh6 11. Qc2 Ne8 12. Nb3 Bxc1 13. Rbxc1 f5 14. Nxc5 dxc5
15. f3 f4 16. Nb5 Bd7 17. Qc3 Qe7 18. Na3 b6 19. Nc2 h5 20. Ne1 Nd6 21. Nd3 Rae8
22. Nf2 Rf7 23. b3 Rg7 24. Rce1 g5 25. g4 Rh7 26. Kg2 Rh6 27. Rh1 Qh7 28. h3 Re7
29. a3 Nb7 1/2-1/2

[Event "11th BCC Thailand Open"]
[Site "Pattaya THA"]
[Date "2011.04.12"]
[Round "2.30"]
[White "Akharaboollasez, Akharin"]
[Black "L'Ami, Alina"]
[Result "0-1"]
[BlackTitle "WGM"]
[WhiteElo "1911"]
[BlackElo "2297"]
[WhiteFideId "6201318"]
[BlackFideId "1210246"]
[EventDate "2011.04.11"]

1. e4 c5 2. Nc3 d6 3. f4 g6 4. Nf3 Bg7 5. Bb5+ Bd7 6. Bc4 Nc6 7. d3 Na5 8. Bb3
b5 9. Qe2 Bxc3+ 10. bxc3 c4 11. dxc4 bxc4 12. Bxc4 Qc7 13. Nd2 Rb8 14. Bb3 Qxc3
15. Rb1 Nxb3 16. cxb3 Bb5 17. Bb2 Qa5 18. Qe3 Nf6 19. a3 O-O 20. b4 Qa6 21. h3
Rbc8 22. Kf2 Rc2 23. Kg3 Rxd2 24. Kh2 Re2 25. Qg3 Nxe4 26. Qh4 Qb6 27. Ba1 Qf2 0-1

[Event "11th BCC Thailand Open"]
[Site "Pattaya THA"]
[Date "2011.04.12"]
[Round "2.31"]
[White "Tominski, Norbert"]
[Black "Sorensen, Torben"]
[Result "0-1"]
[BlackTitle "IM"]
[WhiteElo "1966"]
[BlackElo "2403"]
[WhiteFideId "24635855"]
[BlackFideId "1400541"]
[EventDate "2011.04.11"]

1. d4 f5 2. g3 Nf6 3. Nf3 g6 4. Bg2 Bg7 5. O-O O-O 6. c4 d6 7. Nc3 Qe8 8. d5 Na6
9. Be3 Bd7 10. Bd4 c5 11. dxc6 bxc6 12. Qa4 Nc7 13. Qa5 Ne6 14. Be3 Qb8 15. Rab1
Ng4 16. Bd2 Qb6 17. Na4 Qxa5 18. Bxa5 Rab8 19. Bc3 Nf6 20. b3 c5 21. Nb2 Bc6 22.
e3 Rfc8 23. Rfd1 h6 24. Nh4 Kf7 25. Nd3 Ne4 26. Bxg7 Kxg7 27. Rbc1 a5 28. f3 Nf6
29. Nf4 Nxf4 30. gxf4 Nh5 31. Kf2 Kf6 32. Bh3 a4 33. Rc3 axb3 34. Rxb3 Ra8 35.
Rb2 Rcb8 36. Rdd2 Rxb2 37. Rxb2 Ra3 38. Bf1 Be8 39. Be2 Bf7 40. Rc2 Ng7 41. Ng2
Ne6 42. h4 Nd8 43. Ne1 Nc6 44. Nd3 Ra4 45. Nc1 Na5 46. Nb3 Nxc4 47. Bd3 Na3 48.
Rc1 c4 0-1

[Event "11th BCC Thailand Open"]
[Site "Pattaya THA"]
[Date "2011.04.12"]
[Round "2.32"]
[White "Nihal, Manjunath"]
[Black "Sanjay, N."]
[Result "0-1"]
[WhiteElo "2016"]
[BlackElo "2335"]
[WhiteFideId "5045738"]
[BlackFideId "5003075"]
[EventDate "2011.04.11"]

1. d4 Nf6 2. c4 g6 3. Nc3 Bg7 4. e4 O-O 5. Be2 d6 6. Bg5 Na6 7. Qd2 c6 8. Nf3
Bg4 9. O-O Qb6 10. Be3 Qc7 11. h3 Bd7 12. Bf4 Nh5 13. Bh2 e5 14. dxe5 dxe5 15.
Nxe5 Bxe5 16. Bxe5 Qxe5 17. Qxd7 Nc5 18. Qd2 Nf4 19. Qe3 Rae8 20. g3 Nxe2+ 21.
Nxe2 Nxe4 22. Nd4 Qc5 23. Qd3 Rd8 24. Rad1 Nd6 25. Nf3 Qxc4 26. Qa3 Nc8 27. Ne5
Qe6 28. Qc3 Qxh3 29. Rd4 Rxd4 30. Qxd4 Nb6 31. Rd1 h5 32. Qd6 Qf5 33. Rd4 Re8
34. Nd3 Nd5 35. b3 Kg7 36. Kg2 Re2 37. Nf4 Nxf4+ 38. Rxf4 Qd5+ 39. Qxd5 cxd5 40.
Rd4 Rxa2 0-1

[Event "11th BCC Thailand Open"]
[Site "Pattaya THA"]
[Date "2011.04.12"]
[Round "2.33"]
[White "Contin, Daniel"]
[Black "Winkler, Stefan1"]
[Result "1-0"]
[WhiteTitle "IM"]
[WhiteElo "2316"]
[BlackElo "1871"]
[WhiteFideId "803618"]
[BlackFideId "4698142"]
[EventDate "2011.04.11"]

1. c4 Nf6 2. Nf3 e6 3. g3 d5 4. Bg2 c5 5. O-O Nc6 6. b3 g6 7. cxd5 exd5 8. d4
Bg7 9. Bb2 Ne4 10. Na3 O-O 11. Nc2 b6 12. Qc1 Ba6 13. Re1 Rc8 14. Qf4 g5 15. Qg4
f5 16. Qh5 h6 17. Ne5 Nxe5 18. dxe5 Qe8 19. Qxe8 Rcxe8 20. f3 Nd6 21. f4 Ne4 22.
Ne3 Rd8 23. Rad1 Bb7 24. fxg5 hxg5 25. Nxf5 Rxf5 26. Bxe4 Rff8 27. Bg6 Bc8 28.
b4 Bf5 29. Bxf5 Rxf5 30. bxc5 Bxe5 31. e4 Bxb2 32. exf5 bxc5 33. Re7 c4 34. Rxa7
c3 35. Rc7 d4 36. Rd3 Re8 37. Kf1 Re4 38. a4 Re5 39. Rxd4 Rxf5+ 40. Ke2 1-0

[Event "11th BCC Thailand Open"]
[Site "Pattaya THA"]
[Date "2011.04.12"]
[Round "2.35"]
[White "Lee, Kah Meng Elgin"]
[Black "Filippov, Alexander"]
[Result "1-0"]
[WhiteElo "1904"]
[BlackElo "2264"]
[WhiteFideId "5701996"]
[BlackFideId "4185471"]
[EventDate "2011.04.11"]

1. d4 Nf6 2. c4 c6 3. Nc3 d5 4. Nf3 a6 5. a4 a5 6. e3 Na6 7. Bd3 Nb4 8. O-O Bg4
9. Bb1 dxc4 10. e4 e6 11. Be3 Be7 12. h3 Bh5 13. g4 Bg6 14. Ne5 Nd7 15. Nxc4 O-O
16. Qd2 f5 17. d5 fxe4 18. d6 Bf6 19. Nxe4 Nd5 20. Nxf6+ Qxf6 21. Bg5 Qf3 22.
Bxg6 hxg6 23. Qe1 Rae8 24. Ne5 Qxh3 25. Ra3 Nf4 26. Rxh3 Nxh3+ 27. Kg2 1-0

[Event "11th BCC Thailand Open"]
[Site "Pattaya THA"]
[Date "2011.04.12"]
[Round "2.36"]
[White "Limono, Handjojo"]
[Black "Saeheng, Boonsueb"]
[Result "1-0"]
[BlackTitle "FM"]
[WhiteElo "1869"]
[BlackElo "2253"]
[WhiteFideId "7102909"]
[BlackFideId "6200184"]
[EventDate "2011.04.11"]

1. c4 Nf6 2. g3 g6 3. Bg2 Bg7 4. Nc3 O-O 5. Nf3 d6 6. d4 Nbd7 7. O-O c6 8. e4 e5
9. d5 cxd5 10. cxd5 a6 11. Bg5 b5 12. Re1 h6 13. Bc1 Nc5 14. b4 Ncd7 15. Qd3 Qc7
16. Nd2 Nh7 17. Bb2 h5 18. Rac1 Qd8 19. Ne2 h4 20. Rc6 Ndf6 21. Rec1 Ne8 22.
gxh4 Bg4 23. h3 Bxe2 24. Qxe2 Qxh4 25. Qg4 Qh6 26. Qe2 Nhf6 27. R1c3 Nh5 28. Nf1
Nf4 29. Qc2 Qh5 30. Ng3 Qh4 31. Nf1 f5 32. Bc1 fxe4 33. Rg3 Qh5 34. Kh2 Nd3 35.
Be3 Qf5 36. Rg5 Qd7 37. a3 Ne1 38. Qxe4 Nxg2 39. Qxg2 a5 40. Rxg6 axb4 41. axb4
Ra4 42. Ng3 Rxb4 43. Nh5 Rf7 44. Bh6 Rb2 45. Bxg7 Rfxf2 46. Bxe5+ Kf7 47. Bxb2
Rxg2+ 48. Rxg2 Qf5 49. Ng3 Qxd5 50. Rcc2 Ke6 51. Rge2+ Kd7 52. Rcd2 Qg5 53. Ba3
Qf4 54. Bc1 Qc4 55. Bb2 Qf4 56. Rd4 Qf3 57. Red2 Qe3 58. R4d3 Qf4 59. Kg2 Qb4
60. Ba3 Qc4 61. Rd4 Qb3 62. Bxd6 Nxd6 63. Rxd6+ Kc7 64. Ne4 Qe3 65. Nf6 Qg5+ 66.
Ng4 Qf4 67. R6d5 Qe4+ 68. Kg3 Qe1+ 69. Nf2 Qe8 70. Rc2+ Kb6 71. Rcd2 b4 72. Nd1
b3 73. Nb2 Qg8+ 74. Kh2 Qb8+ 75. Kh1 Qf4 76. R5d3 Qf1+ 77. Kh2 Qf4+ 78. Kg2 Qe4+
79. Kf2 Qf4+ 80. Ke1 Qh4+ 81. Kd1 Qb4 82. Re2 Kc7 83. Ree3 Qf4 84. Rc3+ Kd7 85.
Rxb3 Qf1+ 86. Kc2 Qf2+ 87. Kb1 Qf1+ 88. Ka2 Qf7 89. Rd3+ Ke6 90. Na4 Ke5 91. Ka3
Qf8+ 92. Kb2 Qf2+ 93. Ka3 Qf8+ 94. Rb4 Qf1 95. Nb2 Qf8 96. Kb3 Qg8+ 97. Nc4+ Ke4
98. Rc3 Qd5 99. Kb2 Qg8 100. Nb6+ Ke5 101. Rc5+ Kd6 102. Rc2 Qh8+ 103. Kb3 Qxh3+
104. Rc3 Qe6+ 105. Nc4+ Kc5 106. Ka3 Qe7 107. Nb6+ 1-0

[Event "11th BCC Thailand Open"]
[Site "Pattaya THA"]
[Date "2011.04.12"]
[Round "3.1"]
[White "Hopman, Pieter"]
[Black "Vallejo Pons, Francisco"]
[Result "0-1"]
[BlackTitle "GM"]
[WhiteElo "2365"]
[BlackElo "2707"]
[WhiteFideId "1005669"]
[BlackFideId "2205530"]
[EventDate "2011.04.11"]

1. d4 d6 2. c4 e5 3. Nf3 e4 4. Ng5 f5 5. f4 Be7 6. Nh3 Nf6 7. e3 c6 8. Bd2 Be6
9. Be2 Na6 10. O-O Nc7 11. Ba5 b6 12. Be1 d5 13. b3 O-O 14. Nf2 Bf7 15. Kh1 c5
16. Nc3 Ne6 17. g4 cxd4 18. gxf5 Nxf4 19. exd4 Nxe2 20. Qxe2 Bh5 21. Qc2 Bf3+
22. Kg1 Bd6 23. Bd2 Bxh2+ 24. Kxh2 Ng4+ 25. Kh3 Rxf5 26. Nxg4 Rh5+ 0-1

[Event "11th BCC Thailand Open"]
[Site "Pattaya THA"]
[Date "2011.04.12"]
[Round "3.2"]
[White "Short, Nigel D"]
[Black "Illner, Achim, Dr."]
[Result "1-0"]
[WhiteTitle "GM"]
[BlackTitle "FM"]
[WhiteElo "2676"]
[BlackElo "2353"]
[WhiteFideId "400025"]
[BlackFideId "4615840"]
[EventDate "2011.04.11"]

1. e4 e5 2. Nf3 Nf6 3. Nc3 Nc6 4. Bb5 Bb4 5. O-O O-O 6. d3 d6 7. Bg5 Bxc3 8.
bxc3 Bd7 9. Rb1 Rb8 10. d4 a6 11. Bd3 h6 12. Bh4 Bg4 13. h3 Bxf3 14. Qxf3 exd4
15. cxd4 Nxd4 16. Qe3 Nc6 17. f4 Qe7 18. Rbe1 Rbe8 19. c3 Qe6 20. Bc2 Qxa2 21.
Qd3 Nd7 22. e5 g6 23. Re2 Ncxe5 24. fxe5 Rxe5 25. Ref2 Qe6 26. Qd2 Kg7 27. Bg3
Rd5 28. Qc1 Nc5 1-0

[Event "11th BCC Thailand Open"]
[Site "Pattaya THA"]
[Date "2011.04.12"]
[Round "3.3"]
[White "Lahiri, Atanu"]
[Black "Gustafsson, Jan"]
[Result "1/2-1/2"]
[WhiteTitle "IM"]
[BlackTitle "GM"]
[WhiteElo "2350"]
[BlackElo "2647"]
[WhiteFideId "5002818"]
[BlackFideId "4625498"]
[EventDate "2011.04.11"]

1. d4 Nf6 2. c4 b6 3. Nc3 Bb7 4. d5 e6 5. a3 Bd6 6. Nf3 O-O 7. g3 c6 8. Bg2 cxd5
9. cxd5 Na6 10. O-O exd5 11. Nd4 Nc7 12. Bg5 Ne6 13. Bxf6 Qxf6 14. Ndb5 Be5 15.
Bxd5 Bc6 16. f4 Bb8 17. e4 a6 18. e5 Qe7 19. Bxc6 Qc5+ 20. Rf2 dxc6 21. Nd6 Bxd6
22. Ne4 Qe3 23. Nxd6 Nd4 24. Kg2 Rad8 25. Rc1 Rxd6 26. exd6 Qe4+ 27. Kg1 c5 28.
Qf1 a5 29. Re1 Qd5 30. Qg2 Qxd6 31. Qe4 g6 32. Qe5 Qc6 1/2-1/2

[Event "11th BCC Thailand Open"]
[Site "Pattaya THA"]
[Date "2011.04.12"]
[Round "3.4"]
[White "Illingworth, Max"]
[Black "Schebler, Gerhard"]
[Result "1/2-1/2"]
[WhiteTitle "FM"]
[BlackTitle "GM"]
[WhiteElo "2345"]
[BlackElo "2460"]
[WhiteFideId "3205207"]
[BlackFideId "4603338"]
[EventDate "2011.04.11"]

1. d4 e6 2. e4 d5 3. Nc3 Nc6 4. Nf3 Nf6 5. e5 Ne4 6. Bd3 Bb4 7. Bd2 Nxd2 8. Qxd2
f6 9. a3 Be7 10. Qf4 g5 11. Qg3 f5 12. Ne2 b6 13. h4 g4 14. Nd2 Bb7 15. Qe3 Qd7 1/2-1/2

[Event "11th BCC Thailand Open"]
[Site "Pattaya THA"]
[Date "2011.04.12"]
[Round "3.5"]
[White "Murshed, Niaz"]
[Black "Kojima, Shinya"]
[Result "1/2-1/2"]
[WhiteTitle "GM"]
[BlackTitle "FM"]
[WhiteElo "2455"]
[BlackElo "2329"]
[WhiteFideId "10200010"]
[BlackFideId "7000812"]
[EventDate "2011.04.11"]

1. d4 d5 2. c4 c6 3. Nc3 Nf6 4. e3 a6 5. a4 e6 6. Nf3 c5 7. Be2 dxc4 8. Bxc4 Nc6
9. O-O cxd4 10. exd4 Be7 11. Bg5 O-O 12. Re1 Bd7 13. Qe2 Re8 14. Rad1 Nd5 15.
Bxe7 Rxe7 16. Ne4 Be8 1/2-1/2

[Event "11th BCC Thailand Open"]
[Site "Pattaya THA"]
[Date "2011.04.12"]
[Round "3.6"]
[White "Voigt, Martin"]
[Black "Sriram, Jha"]
[Result "1/2-1/2"]
[WhiteTitle "FM"]
[BlackTitle "GM"]
[WhiteElo "2325"]
[BlackElo "2442"]
[WhiteFideId "4607228"]
[BlackFideId "5001668"]
[EventDate "2011.04.11"]

1. e4 e5 2. d4 exd4 3. c3 Ne7 4. cxd4 d5 5. e5 Nf5 6. Nf3 c5 7. Nc3 Nc6 8. dxc5
Be6 9. Bd3 Bxc5 10. O-O O-O 11. a3 h6 12. b4 Bb6 13. Bxf5 Bxf5 14. Qxd5 Rc8 15.
Bb2 Nd4 16. Nxd4 Bxd4 17. Qf3 Bxe5 18. Qxf5 Bxc3 19. Rad1 Qe8 20. Bxc3 Rxc3 21.
Rd3 1/2-1/2

[Event "11th BCC Thailand Open"]
[Site "Pattaya THA"]
[Date "2011.04.12"]
[Round "3.8"]
[White "Aung AungaAung Myo Hlaing"]
[Black "Stokke, Kjetil"]
[Result "1/2-1/2"]
[WhiteTitle "IM"]
[BlackTitle "FM"]
[WhiteElo "2324"]
[BlackElo "2407"]
[WhiteFideId "13000101"]
[BlackFideId "1502964"]
[EventDate "2011.04.11"]

1. Nf3 g6 2. d4 Nf6 3. g3 Bg7 4. Bg2 O-O 5. O-O d6 6. b3 c5 7. Bb2 cxd4 8. Nxd4
d5 9. Nf3 Nc6 10. Nbd2 Bf5 11. e3 Rc8 12. Rc1 Qa5 13. a3 Ne4 14. Bxg7 Kxg7 15.
Nb1 Rfd8 16. Nd4 Nxd4 17. exd4 Nc3 18. Qe1 Kf8 19. h3 Qc7 20. g4 Nxb1 21. gxf5
Nxa3 22. fxg6 hxg6 23. Qd2 Qc3 24. Qh6+ Kg8 25. Rfd1 Nxc2 26. Qg5 Qb4 27. Bxd5
Qb6 28. Bc4 Nxd4 29. Qxe7 Ne6 30. Rxd8+ Qxd8 31. Qxd8+ Rxd8 32. Bxe6 fxe6 33.
Rc7 b5 34. Rxa7 Rd3 35. b4 Rxh3 36. Rb7 Rh5 37. Kg2 Rf5 38. Kg3 g5 39. Re7 Re5
40. f4 gxf4+ 41. Kxf4 Kf8 42. Rb7 Rh5 43. Ke3 Ke8 44. Kd4 Kd8 45. Rg7 Rd5+ 46.
Ke4 Kc8 47. Re7 Rd6 48. Ke5 Rc6 49. Rxe6 Rc4 50. Kd5 Kc7 51. Re7+ Kb6 1/2-1/2

[Event "11th BCC Thailand Open"]
[Site "Pattaya THA"]
[Date "2011.04.12"]
[Round "3.9"]
[White "Yang, Kaiqi"]
[Black "Swathi, Ghate"]
[Result "0-1"]
[WhiteTitle "IM"]
[BlackTitle "WGM"]
[WhiteElo "2399"]
[BlackElo "2307"]
[WhiteFideId "8604398"]
[BlackFideId "5003474"]
[EventDate "2011.04.11"]

1. d4 Nf6 2. c4 e6 3. Nf3 d5 4. g3 Bb4+ 5. Bd2 Be7 6. Bg2 c6 7. Qc2 O-O 8. O-O
b6 9. b3 Ba6 10. Rd1 Nbd7 11. a4 Rc8 12. a5 c5 13. axb6 Qxb6 14. Qa2 Bb7 15. b4
cxb4 16. c5 Nxc5 17. dxc5 Bxc5 18. e3 Ne4 19. Nd4 Nxf2 20. Kxf2 Bxd4 21. exd4
Qxd4+ 22. Kf1 a5 23. Bf3 Ba6+ 24. Kg2 Bd3 25. Be1 b3 26. Qxb3 Qxa1 27. Qxd3 Qb2+
28. Rd2 Qc1 29. Re2 a4 30. Bc3 a3 31. Rc2 Qxb1 32. Bd1 a2 33. Bxg7 Kxg7 34. Qd4+
f6 35. Qg4+ Kh8 36. Rxc8 Rxc8 37. Qxe6 Qb2+ 38. Kh3 Ra8 39. Bc2 a1=Q 40. Qf5 Qb7
41. Kh4 Qd4+ 42. g4 Qg7 0-1